书目信息 |
| 题名: |
20·30·40
|
|
| 作者: | 李心洁 , 刘若英 , 张艾嘉 著 | |
| 分册: | ||
| 出版信息: | 北京 中国妇女出版社 2004.05 |
|
| 页数: | 173页 | |
| 开本: | 21cm | |
| 丛书名: | ||
| 单 册: | ||
| 中图分类: | I267.1 | |
| 科图分类: | ||
| 主题词: | 随笔--sui bi--中国--当代--作品集 | |
| 电子资源: | ||
| ISBN: | 7-80131-972-9 | |
| 000 | 00933nam0 2200265 450 | |
| 001 | 012008024812 | |
| 005 | 20080317100102.45 | |
| 010 | @a7-80131-972-9@dCNY25.00 | |
| 100 | @a20080317d2004 km y0chiy0120 ea | |
| 101 | 0 | @achi |
| 102 | @aCN@b110000 | |
| 105 | @aa z 000cy | |
| 106 | @ar | |
| 200 | 1 | @a20·30·40@f李心洁, 刘若英, 张艾嘉等著@Fli xin jie,liu ruo ying,zhang ai jia deng zhu |
| 210 | @a北京@c中国妇女出版社@d2004.05 | |
| 215 | @a173页@c彩图@d21cm | |
| 306 | @a本书中文简体版由台湾大田出版有限公司授权中国妇女出版社出版 | |
| 330 | @a本书以随笔的形式,收录台湾三位女影视演员及其他作者对于生活的感触与理解,记录了女人在20、30与40岁年龄层的心境历程。 | |
| 606 | 0 | @a随笔@Asui bi@y中国@z当代@j作品集 |
| 690 | @aI267.1@v4 | |
| 701 | 0 | @a李心洁@Ali xin jie@4著 |
| 701 | 0 | @a刘若英@Aliu ruo ying@4著 |
| 701 | 0 | @a张艾嘉@Azhang ai jia@4著 |
| 801 | 0 | @aCN@bQSSK@c20080317 |
| 905 | @b20286102-05@dI267.1@eL302@f4 | |
| 20·30·40/李心洁, 刘若英, 张艾嘉等著.-北京:中国妇女出版社,2004.05 |
| 173页:彩图;21cm |
| ISBN 7-80131-972-9:CNY25.00 |
| 本书以随笔的形式,收录台湾三位女影视演员及其他作者对于生活的感触与理解,记录了女人在20、30与40岁年龄层的心境历程。 |
| ● |
| 相关链接 |
|
|
|
正题名:20·30·40
索取号:I267.1/L302
 
预约/预借
| 序号 | 登录号 | 条形码 | 馆藏地/架位号 | 状态 | 备注 |
| 1 | 286102 | 202861028 | 社科二线400B/400B社科库 27排2列5层/ [索取号:I267.1/L302] | 在馆 | |
| 2 | 286103 | 202861037 | 社科二线400B/400B社科库 27排2列4层/ [索取号:I267.1/L302] | 在馆 | |
| 3 | 286104 | 202861046 | 社科二线422/422社科库 50排3列1层/ [索取号:I267.1/L302] | 在馆 | |
| 4 | 286105 | 202861055 | 社科二线422/422社科库 27排3列3层/ [索取号:I267.1/L302] | 在馆 |